|
|
|
|
| LEADER |
00000cam a2200000 7i4500 |
| 001 |
0000007581 |
| 002 |
000008144 |
| 005 |
20000330.0 |
| 020 |
|
|
|a 9830571343
|
| 090 |
0 |
0 |
|a JF
|b ABD
|
| 100 |
0 |
|
|a Abd.Hadi
|
| 245 |
1 |
0 |
|a Hitam,putih dan kuning langsat
|c Abdul Hadi ; illustrasi oleh Azalan
|
| 260 |
|
|
|a Kuala Lumpur :
|b Goodmark Enterprise ,
|c 1996
|
| 300 |
|
|
|a 24p. :
|b ill. ;
|c 28cm.
|
| 490 |
0 |
|
|a Siri bacaan Bukit Kiara
|
| 650 |
0 |
0 |
|a Children's stories, Malay
|
| 700 |
1 |
|
|a Azalan ,
|e illustrasi
|
| 999 |
|
|
|a 051848
|b BUKU
|c PINJAMAN
|e PERPUSTAKAAN KOMUNITI PETALING JAYA
|
| 999 |
|
|
|a 051849
|b BUKU
|c PINJAMAN
|e PERPUSTAKAAN KOMUNITI PETALING JAYA
|
| 999 |
|
|
|a 054789
|b BUKU
|c PINJAMAN
|e PERPUSTAKAAN KOMUNITI CAW KOTA DAMANSARA
|
| 999 |
|
|
|a 054790
|b BUKU
|c PINJAMAN
|e PERPUSTAKAAN KOMUNITI CAW KOTA DAMANSARA
|